000 00906nam0a22002531 4500
001 v19\rc\1269702
005 20260406205221.0
035 _a(NLR Aleph) 004422029
090 _a4149594
_c4149594
100 _a20060306d1895 |||y0rusy50 ca
101 0 _arus
102 _aRU
105 _ay z |||||
200 1 _aОбразцы заглавных шрифтов
_fСловолитня О.И. Леман. Ст. Петербург
210 _a[Санкт-Петербург]
_dценз. 1895
215 _a[2], 46 с.
_d24
300 _aДата ценз. разреш. 15 дек. 1895 г.
710 0 2 _a"Леман, О.И., словолитня", акционерное общество
_cПетербург/Москва
_9427840
_3RU\NLR\AUTH\889965788
801 0 _aRU
_bNLR
_gpsbo
801 1 _aRU
_bProSoft-M
_2rusmarc
852 _aNLR
_j18.291.1.23(2)
942 _cBOOK
980 _aNB